Kapka jedu /

Historická romance odehrávající se v Itálii 17. století vychází ze skutečných historických událostí a beletrizuje příběh slavné italské travičky Giulie Tofany.

Uloženo v:
Série:Tofana, část 1
Hlavní autor: Swift, Deborah, 1955- (Autor)
Další autoři: Dvořáková, Helena (Autor)
Médium: Kniha
Jazyk:Czech
Vydáno: Frýdek-Místek : Alpress, 2026
Vydání:Vydání první
Edice:Klokan (Alpress)
Témata:
Celkem bylo vypůjčeno:0x
Příbuzné jednotky:Z cyklu:: Tofana
Tagy:
Žádné tagy
LEADER 02830cam a2200613 i 4500
001 106729
003 CZ PrSKC
005 20260703110347.0
007 ta
008 260625s2026 xr g 000 fbcze
015 |a cnb003758764 
020 |a 9788076956865  |q (vázáno) 
040 |a BOA001  |b cze  |d ABG001  |e rda 
041 1 |a cze  |h eng 
072 7 |a 821.111-3  |x Anglická próza, anglicky psaná  |2 Konspekt  |9 25 
072 7 |a 929  |x Biografie  |2 Konspekt  |9 8 
080 |a 821.111-31  |2 MRF 
080 |a [343.611:615.9]-055.2  |2 MRF 
080 |a 929  |2 MRF 
080 |a (450)  |2 MRF 
080 |a (0:82-312.6)  |2 MRF 
080 |a (0:82-311.6)  |2 MRF 
100 1 |a Swift, Deborah,  |d 1955-  |7 mzk20261301988  |4 aut  |9 117568 
240 1 0 |a Poison keeper.  |l Česky 
245 1 0 |a Kapka jedu /  |c Deborah Swift ; z anglického originálu The poison keeper ... přeložila Helena Dvořáková 
246 1 4 |a Zapomenutý příběh Giulie Tofany 
250 |a Vydání první 
264 1 |a Frýdek-Místek :  |b Alpress,  |c 2026 
300 |a 357 stran ;  |c 21 cm 
336 |a text  |b txt  |2 rdacontent 
337 |a bez média  |b n  |2 rdamedia 
338 |a svazek  |b nc  |2 rdacarrier 
490 1 |a Klokan 
520 2 |a Historická romance odehrávající se v Itálii 17. století vychází ze skutečných historických událostí a beletrizuje příběh slavné italské travičky Giulie Tofany.  |b Palermo, 1633: Giulia si vždycky přála, aby ji matka naučila co nejvíce ze svých apatykářských dovedností. Poté, co je ale matka zatčena kvůli pokusu otrávit mocného vévodu de Verdi, musí Giulia uprchnout do Neapole ke své tetě. Když se dozví, jak krutě byla její matka mučena a popravena, rozhodne se vévodovi pomstít a pokračovat v matčině odkazu za jakoukoliv cenu. Nakladatelská anotace. 
600 1 4 |a Tofana, Giulia,  |d -1651  |7 mzk20261302082  |2 czenas  |9 117569 
648 7 |a 17. století  |7 ch460555  |2 czenas  |9 52885 
650 0 7 |a travičky  |7 ph1257045  |y 17. století  |z Itálie  |2 czenas 
650 9 |a women poisoners  |y 17th century  |z Italy  |2 eczenas 
651 7 |a Itálie  |7 ge129398  |2 czenas  |9 56430 
651 9 |a Italy  |2 eczenas 
655 7 |a anglické romány  |7 fd131814  |2 czenas  |9 53421 
655 7 |a biografické romány  |7 fd131905  |2 czenas  |9 53505 
655 7 |a historické romány  |7 fd132414  |2 czenas  |9 53624 
655 9 |a English fiction  |2 eczenas 
655 9 |a biographical novels  |2 eczenas 
655 9 |a historical novels  |2 eczenas 
700 1 |a Dvořáková, Helena  |7 xx0138141  |4 trl  |9 117043 
710 2 |a Alpress (nakladatelství)  |7 xx0213868  |4 pbl  |9 117194 
787 0 8 |i Z cyklu:  |t Tofana  |g 1 
830 0 |a Klokan (Alpress) 
910 |a UOG502 
942 |2 ddc  |c KN 
999 |d 106729 
993 |0 0  |1 421180107459  |2 ddc  |4 0  |7 0  |9 100244  |b 0  |c 107459  |d 2026-07-03  |e 0  |f DOSP  |h 449.00  |i Koupě  |l DOSP  |r 2026-07-03  |t 6  |w 2026-07-03  |y KN  |z HISTO  |n